000
00283 a2200145 4500
001
174356
020
_a
040
_c
Magnum
100
_a
Helo
240
1
0
_a
O castelo misterioso
_l
por
245
1
0
_a
O castelo misterioso
362
0
_a
1899
697
_a
I/ANIMAIS
942
_c
BK
999
_c
174356
_d
174356